Almenara = المنارة: (رقم التسجيلة. 127307)
[ عرض عادي ]
| 000 -LEADER | |
|---|---|
| fixed length control field | 01187cas a2200349 a 4500 |
| 008 - FIXED-LENGTH DATA ELEMENTS--GENERAL INFORMATION | |
| fixed length control field | 761202d197119uusp uu p 0 a0spa c |
| 010 ## - LIBRARY OF CONGRESS CONTROL NUMBER | |
| LC control number | sf 93094209 |
| Canceled/invalid LC control number | sn 85061228 |
| 022 ## - INTERNATIONAL STANDARD SERIAL NUMBER | |
| International Standard Serial Number | 0211-2310 |
| 040 ## - CATALOGING SOURCE | |
| Original cataloging agency | NIC |
| Transcribing agency | NIC |
| Modifying agency | MnMULS |
| -- | AIP |
| -- | MH |
| -- | WaU |
| -- | DLC |
| -- | OCoLC |
| -- | MH |
| -- | OCoLC |
| -- | DLC |
| -- | OCoLC |
| 050 #4 - LIBRARY OF CONGRESS CALL NUMBER | |
| Classification number | DS35.3 |
| Item number | .A64x |
| 050 00 - LIBRARY OF CONGRESS CALL NUMBER | |
| Classification number | WMLC 93/2146 |
| 092 04 - LOCALLY ASSIGNED DEWEY CALL NUMBER (OCLC) | |
| Classification number | 210.90905 |
| Item number | A448 |
| Edition number | 21 |
| 099 ## - LOCAL FREE-TEXT CALL NUMBER (OCLC) | |
| Classification number | 04 |
| -- | 210.90905 A448 |
| 210 0# - ABBREVIATED TITLE | |
| Abbreviated title | Almenara |
| Qualifying information | (Madr.) |
| 222 #0 - KEY TITLE | |
| Key title | Almenara |
| Qualifying information | (Madrid) |
| 245 00 - TITLE STATEMENT | |
| Title | Almenara = المنارة: |
| Remainder of title | Revista Sobre El Mundo Arabo islamico Moderno. |
| 246 02 - VARYING FORM OF TITLE | |
| Title proper/short title | المنارة. |
| 246 03 - VARYING FORM OF TITLE | |
| Title proper/short title | Revista Sobre El Mundo Arabo islamico Moderno. |
| 260 ## - PUBLICATION, DISTRIBUTION, ETC. | |
| Place of publication, distribution, etc. | Madrid : |
| Name of publisher, distributor, etc. | Almenara, |
| Date of publication, distribution, etc. | 1971- |
| 300 ## - PHYSICAL DESCRIPTION | |
| Extent | v. : |
| Other physical details | ill. ; |
| Dimensions | 21 cm. |
| 310 ## - CURRENT PUBLICATION FREQUENCY | |
| Current publication frequency | Publicó dos números al año. |
| 362 0# - DATES OF PUBLICATION AND/OR SEQUENTIAL DESIGNATION | |
| Dates of publication and/or sequential designation | Vol. 1 (primavera 1971)- |
| 590 ## - LOCAL NOTE (RLIN) | |
| Local note | SERBIB/SERLOC merged record |
| 592 ## - | |
| -- | ACQN: aq 94031844 |
| 592 ## - | |
| -- | Rec'd V1 (1971); V3 (1972); V9 (1976); |
| 650 #0 - SUBJECT ADDED ENTRY--TOPICAL TERM | |
| Topical term or geographic name entry element | Islamic civilization |
| Form subdivision | Periodicals. |
| 651 #0 - SUBJECT ADDED ENTRY--GEOGRAPHIC NAME | |
| Geographic name | Islamic countries |
| Form subdivision | Periodicals. |
| 905 ## - LOCAL DATA ELEMENT E, LDE (RLIN) | |
| Cataloger | Jamal |
| Reviser | Cat. |
| 905 ## - LOCAL DATA ELEMENT E, LDE (RLIN) | |
| Reviser | Rev. |
| 942 ## - ADDED ENTRY ELEMENTS (KOHA) | |
| Source of classification or shelving scheme | Dewey Decimal Classification |
| Koha item type | Books |
| Source of classification or shelving scheme | Not for loan | Home library | Current library | Date acquired | Full call number | Date last seen | Koha item type |
|---|---|---|---|---|---|---|---|
| Dewey Decimal Classification | المكتبة المركزبة الجديدة - جامعة القاهرة | قاعة الثقاقات الاجنبية - الدور الثالث | 11.02.2024 | 210.90905 A448 | 23.09.2023 | Continuing Resources |